Chicanas/Latinas in American theatre : a history of performance /

Bibliographic Details
Main Author: Ramírez, Elizabeth C., 1949-
Format: Book
Language:English
Published: Bloomington : Indiana University Press, [2000]
Subjects:

MARC

Tag First Indicator Second Indicator Subfields
LEADER 00000pam a2200000 a 4500
001 in00001576830
005 20151022105312.0
008 000309s2000 inua b s001 0 eng
010 |a  00029578  
020 |a 0253337143 (cl) 
020 |a 0253213711 (pa) 
035 |a (OCoLC)ocm43707015 
040 |a DLC  |c DLC  |d TXA  |d UtOrBLW 
043 |a n-us--- 
049 |a TXAM 
050 0 0 |a PN2270.H57  |b R36 2000 
082 0 0 |a 792/.082/0973  |2 21 
100 1 |a Ramírez, Elizabeth C.,  |d 1949- 
245 1 0 |a Chicanas/Latinas in American theatre :  |b a history of performance /  |c Elizabeth C. Ramírez. 
264 1 |a Bloomington :  |b Indiana University Press,  |c [2000] 
264 4 |c ©2000 
300 |a xix, 188 pages :  |b illustrations ;  |c 24 cm. 
336 |a text  |b txt  |2 rdacontent 
337 |a unmediated  |b n  |2 rdamedia 
338 |a volume  |b nc  |2 rdacarrier 
504 |a Includes bibliographical references (pages [165]-176) and index. 
650 0 |a Hispanic American theater  |x History  |y 20th century. 
650 0 |a Women in the theater  |z United States. 
650 0 |a Hispanic American drama (Spanish) 
650 0 |a American drama  |x Hispanic American authors. 
994 |a E0  |b TXA 
948 |a cataloged  |b h  |c 2000/12/19  |d c  |e lmiller  |f 3:53:53 pm 
999 |a MARS 
999 f f |s 9e7e7631-240e-3751-b774-6d424e8fc1a4  |i 6c0661d5-fa1a-3399-b853-f2fea5753e4e  |t 0 
952 f f |p ric  |a Texas A&M University  |b Rellis Campus  |c Joint Library Facility  |d Remote Storage  |t 0  |e PN2270.H57 R36 2000  |h Library of Congress classification  |i unmediated -- volume  |m A14827067800 
998 f f |a PN2270.H57 R36 2000  |t 0  |l Remote Storage